[Event "RUS-chT 30th"]
[Site "Sochi"]
[Date "2023.05.09"]
[Round "8.1"]
[White "Tsydypov, Zhamsaran"]
[Black "Grachev, Boris V"]
[Result "1-0"]
[WhiteElo "2538"]
[BlackElo "2595"]
[PlyCount "81"]
[EventDate "2023.05.01"]
[EventType "team-tourn"]
[EventRounds "9"]
[EventCountry "RUS"]
[SourceTitle "EXT 2024"]
[Source "ChessBase"]
[SourceDate "2023.10.10"]
[SourceVersion "1"]
[SourceVersionDate "2023.10.10"]
[SourceQuality "1"]
[WhiteTeam "Tatarstan Ladya"]
[BlackTeam "Moscow Team"]
[WhiteTeamCountry "RUS"]
[BlackTeamCountry "RUS"]

1. e4 c5 2. Nc3 Nc6 3. Nf3 e6 4. Bb5 Nd4 5. Bd3 Nc6 6. Bb5 Nd4 7. 0-0 a6 8. Bd3 Nc6 9. Re1 g5 10. Kh1 Bg7 11. Bf1 h6 12. d3 Nge7 13. Ne2 g4 14. Nd2 h5 15. Nc4 d5 16. exd5 exd5 17. Ne3 Be6 18. Nf4 Qd6 19. g3 0-0-0 20. c3 h4 21. Nxg4 hxg3 22. fxg3 Nf5 23. Qf3 Ne5 24. Nxe5 Bxe5 25. Kg1 Rdg8 26. Bg2 Rxh2 27. Kxh2 Rxg3 28. Qf2 Rg4 29. Rxe5 Qxe5 30. Bd2 d4 31. Rf1 Qh8+ 32. Bh3 Rh4 33. Rg1 Qe5 34. Rg8+ Kd7 35. Kg1 dxc3 36. bxc3 Rxh3 37. Nxh3 Ne7 38. Rg5 Bf5 39. Nf4 Qd6 40. Qf3 Kc8 41. Nd5 1-0

[Event "RUS-chT 30th"]
[Site "Sochi"]
[Date "2023.05.01"]
[Round "1.2"]
[White "Vlasenko, Miroslav"]
[Black "Grachev, Boris V"]
[Result "1/2-1/2"]
[WhiteElo "2358"]
[BlackElo "2595"]
[PlyCount "104"]
[EventDate "2023.05.01"]
[EventType "team-tourn"]
[EventRounds "9"]
[EventCountry "RUS"]
[SourceTitle "CBM 214 Extra"]
[Source "ChessBase"]
[SourceDate "2023.07.31"]
[SourceVersion "1"]
[SourceVersionDate "2023.07.31"]
[SourceQuality "1"]
[WhiteTeam "St Petersburg SSHOR"]
[BlackTeam "Moscow Team"]
[WhiteTeamCountry "RUS"]
[BlackTeamCountry "RUS"]

1. d4 d5 2. Bg5 f6 3. Bf4 Nc6 4. Nf3 g5 5. Bg3 h5 6. h3 Nh6 7. Nc3 Bf5 8. Nb5 Rc8 9. a3 a6 10. Nc3 e6 11. e3 Qd7 12. Qe2 Qh7 13. 0-0-0 h4 14. Bh2 Bd6 15. Ne1 0-0 16. g4 hxg3 17. Bxg3 b5 18. Bg2 b4 19. axb4 Nxb4 20. e4 dxe4 21. Nxe4 Qd7 22. Qc4 Bxe4 23. Bxe4 Bxg3 24. fxg3 Nd5 25. Nd3 Ne3 26. Nc5 Qf7 27. Qxa6 Nxd1 28. Rxd1 Rcd8 29. Qxe6 Rd6 30. Qxf7+ Rxf7 31. Nb7 Rdd7 32. Bc6 Nf5 33. Bxd7 Rxd7 34. Nc5 Rxd4 35. Rxd4 Nxd4 36. Kd2 Kf7 37. Kd3 Nf3 38. Ke4 Ng1 39. Na6 c6 40. Nb4 Ke6 41. g4 Nxh3 42. Nxc6 Nf2+ 43. Kf3 Nd1 44. b3 Kd5 45. Ne7+ Ke5 46. c4 Nc3 47. Nd5 Nxd5 48. cxd5 f5 49. d6 fxg4+ 50. Kxg4 Kxd6 51. Kxg5 Kc5 52. b4+ Kxb4 1/2-1/2

[Event "Yakutsk Sakha Cup"]
[Site "Yakutsk"]
[Date "2023.01.28"]
[Round "5"]
[White "Kobalia, Mihail"]
[Black "Grachev, Boris V"]
[Result "1/2-1/2"]
[WhiteElo "2577"]
[BlackElo "2592"]
[PlyCount "92"]
[EventDate "2023.01.24"]
[EventType "swiss"]
[EventRounds "9"]
[EventCountry "RUS"]
[SourceTitle "CBM 212 Extra"]
[Source "ChessBase"]
[SourceDate "2023.03.31"]
[SourceVersion "1"]
[SourceVersionDate "2023.03.31"]
[SourceQuality "1"]

1. e4 e6 2. d4 d5 3. Nd2 c5 4. Ngf3 cxd4 5. exd5 Qxd5 6. Bc4 Qd7 7. Nb3 Nc6 8. Nbxd4 Nxd4 9. Qxd4 Qxd4 10. Nxd4 Bd7 11. Be2 Rc8 12. c3 Bc5 13. Nb3 Bb6 14. a4 a6 15. a5 Ba7 16. Bf3 Bc6 17. Bxc6+ Rxc6 18. Ra4 Ne7 19. Ke2 0-0 20. Rd1 Rfc8 21. Nd4 Bxd4 22. Rdxd4 f6 23. Rd7 R6c7 24. Rd6 Kf7 25. Re4 Nc6 26. Rdxe6 Nxa5 27. Rd6 Re7 28. Rxe7+ Kxe7 29. Rd4 Rc6 30. Rg4 Kf7 31. Ra4 Nc4 32. b3 b5 33. Ra2 Ne5 34. Bd2 g5 35. f4 gxf4 36. Bxf4 Rxc3 37. Bxe5 fxe5 38. Rxa6 Rxb3 39. Rh6 b4 40. Rxh7+ Kg6 41. Rb7 Rb1 42. Kd3 b3 43. Kc3 Rc1+ 44. Kb2 Rg1 45. Rxb3 Rxg2+ 46. Kc1 Kf5 1/2-1/2

[Event "RUS GP Blitz Final"]
[Site "Moscow"]
[Date "2022.12.16"]
[Round "11"]
[White "Grischuk, Alexander"]
[Black "Grachev, Boris V"]
[Result "1-0"]
[WhiteElo "2745"]
[BlackElo "2593"]
[PlyCount "76"]
[EventDate "2022.12.16"]
[EventType "tourn (blitz)"]
[EventRounds "13"]
[EventCountry "RUS"]
[EventCategory "11"]
[SourceTitle "CBM 211 Extra"]
[Source "ChessBase"]
[SourceDate "2023.01.31"]
[SourceVersion "1"]
[SourceVersionDate "2023.01.31"]
[SourceQuality "1"]

1. Nf3 d5 2. g3 Nc6 3. d4 Bf5 4. Bg2 Nb4 5. Na3 e6 6. 0-0 Nc6 7. Nb1 h6 8. c4 Nf6 9. Nc3 Be7 10. Ne5 0-0 11. cxd5 exd5 12. Bf4 g5 13. Be3 Qd6 14. Nb5 Qd8 15. Rc1 a6 16. Nc3 Qd6 17. f4 g4 18. Qb3 Na5 19. Qa4 b6 20. a3 Rae8 21. Bf2 Bd8 22. b4 Nc4 23. Nxd5 Nxd5 24. Nxc4 Qe6 25. Ne5 b5 26. Qd1 Nb6 27. Rc6 Qa2 28. e4 Bh7 29. Qxg4+ Kh8 30. Rxh6 Rg8 31. Rxh7+ Kxh7 32. Qh5+ Kg7 33. d5 Ref8 34. Ng4 Rh8 35. Bd4+ f6 36. Qg5+ Kf7 37. Bxf6 Bxf6 38. Qxf6+ Ke8 1-0

[Event "RUS Cup final"]
[Site "Khanty-Mansiysk"]
[Date "2022.12.09"]
[Round "3.1"]
[White "Grachev, Boris V"]
[Black "Tsydypov, Zhamsaran"]
[Result "1-0"]
[WhiteElo "2593"]
[BlackElo "2534"]
[PlyCount "116"]
[EventDate "2022.12.05"]
[EventType "k.o."]
[EventRounds "4"]
[EventCountry "RUS"]
[SourceTitle "CBM 211 Extra"]
[Source "ChessBase"]
[SourceDate "2023.01.31"]
[SourceVersion "1"]
[SourceVersionDate "2023.01.31"]
[SourceQuality "1"]

1. d4 Nf6 2. c4 e6 3. Nf3 d5 4. Nc3 c6 5. e3 Nbd7 6. Be2 b6 7. 0-0 Bb7 8. b3 Bd6 9. Bb2 0-0 10. Bd3 Qe7 11. Re1 e5 12. dxe5 Nxe5 13. cxd5 cxd5 14. Nb5 Nxd3 15. Qxd3 Ne4 16. Nxd6 Qxd6 17. Nd4 Qg6 18. Red1 Rfc8 19. f3 Nc5 20. Qxg6 hxg6 21. Rac1 Ba6 22. Rc3 Rc7 23. Rdc1 Rac8 24. h4 Bd3 25. Kh2 a5 26. a3 Kh7 27. g4 Kg8 28. Kg3 Na6 29. Nc6 Nc5 30. Nd4 Ne6 31. Rxc7 Rxc7 32. Rxc7 Nxc7 33. Nc6 Bc2 34. Be5 Nb5 35. a4 Na3 36. Bb2 Nb1 37. Nd4 Bd3 38. Kf2 Nd2 39. Bc1 Nb1 40. Bb2 Nd2 41. Ke1 Nf1 42. Bc1 f5 43. Kf2 fxg4 44. fxg4 Nh2 45. Kg3 Nf1+ 46. Kf2 Nh2 47. Kg3 Nf1+ 48. Kg2 Kf7 49. Nf3 Ke6 50. Kf2 d4 51. Nxd4+ Kd5 52. Nf3 Be4 53. h5 gxh5 54. gxh5 Bc2 55. Kxf1 Bxb3 56. Bb2 Bd1 57. Kf2 Ke4 58. Bxg7 Kd5 1-0

[Event "RUS Cup final"]
[Site "Khanty-Mansiysk"]
[Date "2022.12.08"]
[Round "2.2"]
[White "Grachev, Boris V"]
[Black "Zakhartsov, Vladimir"]
[Result "1/2-1/2"]
[WhiteElo "2593"]
[BlackElo "2531"]
[PlyCount "120"]
[EventDate "2022.12.05"]
[EventType "k.o."]
[EventRounds "4"]
[EventCountry "RUS"]
[SourceTitle "CBM 211 Extra"]
[Source "ChessBase"]
[SourceDate "2023.01.31"]
[SourceVersion "1"]
[SourceVersionDate "2023.01.31"]
[SourceQuality "1"]

1. d4 d5 2. c4 dxc4 3. Nf3 Nf6 4. e3 e6 5. Bxc4 c5 6. 0-0 a6 7. Be2 Nc6 8. dxc5 Qxd1 9. Rxd1 Bxc5 10. Nc3 0-0 11. Nd2 Rd8 12. Nde4 Rxd1+ 13. Bxd1 Nxe4 14. Nxe4 Be7 15. Bd2 Nb4 16. a3 Nd5 17. Bf3 Bd7 18. Nc3 Bc6 19. Nxd5 Bxd5 20. Bxd5 exd5 21. Bc3 Rc8 22. Kf1 f6 23. Ke2 Kf7 24. Kd3 Ke6 25. g4 g6 26. h3 f5 27. Rg1 Rf8 28. f4 g5 29. Be5 Rc8 30. Bd4 Rf8 31. fxg5 Bxg5 32. h4 Bxh4 33. Rh1 Bg5 34. gxf5+ Rxf5 35. Rxh7 Rf7 36. Rh8 Rd7 37. a4 Bd8 38. b4 Bg5 39. Re8+ Kf7 40. Re5 Bd8 41. Rh5 Kg6 42. Rh8 Be7 43. b5 axb5 44. axb5 Rd8 45. Rh1 Ra8 46. Rc1 Ra3+ 47. Ke2 Rb3 48. b6 Ba3 49. Rc7 Bb2 50. Rxb7 Bxd4 51. exd4 Kf5 52. Kd2 Ke6 53. Kc2 Rb5 54. Rh7 Kd6 55. Rh6+ Kd7 56. Kd3 Rb3+ 57. Kd2 Kc8 58. Kc2 Rb5 59. Rd6 Kb7 60. Kc3 Rxb6 1/2-1/2

[Event "RUS Cup final"]
[Site "Khanty-Mansiysk"]
[Date "2022.12.08"]
[Round "2.4"]
[White "Grachev, Boris V"]
[Black "Zakhartsov, Vladimir"]
[Result "1-0"]
[WhiteElo "2593"]
[BlackElo "2531"]
[PlyCount "151"]
[EventDate "2022.12.05"]
[EventType "k.o."]
[EventRounds "4"]
[EventCountry "RUS"]
[SourceTitle "CBM 211 Extra"]
[Source "ChessBase"]
[SourceDate "2023.01.31"]
[SourceVersion "1"]
[SourceVersionDate "2023.01.31"]
[SourceQuality "1"]

1. d4 d5 2. Nf3 Nf6 3. c4 dxc4 4. e3 e6 5. Bxc4 c5 6. 0-0 a6 7. Re1 cxd4 8. Nxd4 Bd6 9. h3 b5 10. Be2 Bb7 11. Bf3 Bxf3 12. Qxf3 Nbd7 13. a4 bxa4 14. Qc6 Bb4 15. Bd2 Bxd2 16. Nxd2 0-0 17. Qxa4 Nc5 18. Qa3 Nce4 19. Nc4 Nd5 20. Qd3 Nc5 21. Qe2 Qf6 22. Red1 Nb4 23. Qf3 Qxf3 24. Nxf3 Rab8 25. Nfe5 Rfd8 26. Rxd8+ Rxd8 27. Ra5 Ncd3 28. Nxd3 Rxd3 29. Ra4 Rb3 30. Kf1 f6 31. Ke2 Nd3 32. Rxa6 Nxb2 33. Nd2 Rc3 34. Rxe6 Rc2 35. Re4 Rc3 36. Rb4 Nd3 37. Rb8+ Kf7 38. Ne4 Rb3 39. Rxb3 Nc1+ 40. Kd2 Nxb3+ 41. Kc3 Na5 42. Kd4 Ke6 43. Kc5 Nb7+ 44. Kb6 Nd8 45. Kc7 Nf7 46. Kc6 Ne5+ 47. Kc5 Nd7+ 48. Kd4 Ne5 49. Nc5+ Kd6 50. Nd3 Nc6+ 51. Ke4 Ne7 52. g4 g5 53. Nb4 Ng6 54. Kf5 Ke7 55. Nd5+ Kf7 56. Nxf6 Ne7+ 57. Ke5 Ng6+ 58. Kf5 Ne7+ 59. Kxg5 h6+ 60. Kxh6 Kxf6 61. h4 Kf7 62. h5 Ng8+ 63. Kg5 Nf6 64. Kf5 Nd5 65. g5 Ne7+ 66. Ke5 Nc6+ 67. Ke4 Ne7 68. f4 Ke6 69. h6 Kf7 70. f5 Nc8 71. Kf4 Nd6 72. e4 Ne8 73. e5 Nc7 74. e6+ Kg8 75. Ke5 Kh7 76. Kd6 1-0

[Event "RUS Cup final"]
[Site "Khanty-Mansiysk"]
[Date "2022.12.05"]
[Round "1.1"]
[White "Grachev, Boris V"]
[Black "Zakaryan, David"]
[Result "1/2-1/2"]
[WhiteElo "2593"]
[BlackElo "2330"]
[PlyCount "81"]
[EventDate "2022.12.05"]
[EventType "k.o."]
[EventRounds "4"]
[EventCountry "RUS"]
[SourceTitle "CBM 211 Extra"]
[Source "ChessBase"]
[SourceDate "2023.01.31"]
[SourceVersion "1"]
[SourceVersionDate "2023.01.31"]
[SourceQuality "1"]

1. d4 d5 2. c4 e6 3. Nf3 Nf6 4. Nc3 Bb4 5. Bg5 h6 6. Bxf6 Qxf6 7. e3 0-0 8. Rc1 dxc4 9. Bxc4 c5 10. 0-0 cxd4 11. Ne4 Qd8 12. exd4 Bd7 13. Qd3 Bc6 14. Ne5 Nd7 15. Nxc6 bxc6 16. Rfd1 Nf6 17. Bb3 Rc8 18. Nxf6+ Qxf6 19. Qa6 Qe7 20. Rxc6 Rxc6 21. Qxc6 Rd8 22. g3 Ba5 23. d5 exd5 24. Rxd5 Rxd5 25. Bxd5 Bb6 26. Qc8+ Bd8 27. b4 g6 28. a4 Qc7 29. Qa6 Kg7 30. a5 Be7 31. b5 Bd8 32. Qc6 Qxc6 33. bxc6 Bxa5 34. f4 Bc7 35. Kf2 f5 36. Ke3 Kf6 37. Bb3 g5 38. Bc2 gxf4+ 39. gxf4 a5 40. h3 Bb6+ 41. Kf3 1/2-1/2

[Event "RUS GP Top 28 Rapid"]
[Site "Khanty-Mansiysk"]
[Date "2022.12.03"]
[Round "11"]
[White "Grachev, Boris V"]
[Black "Bocharov, Dmitry"]
[Result "0-1"]
[WhiteElo "2593"]
[BlackElo "2516"]
[PlyCount "94"]
[EventDate "2022.12.01"]
[EventType "tourn (rapid)"]
[EventRounds "13"]
[EventCountry "RUS"]
[EventCategory "11"]
[SourceTitle "CBM 211 Extra"]
[Source "ChessBase"]
[SourceDate "2023.01.31"]
[SourceVersion "1"]
[SourceVersionDate "2023.01.31"]
[SourceQuality "1"]

1. d4 Nf6 2. c4 e6 3. Nc3 Bb4 4. e3 0-0 5. Bd3 d5 6. a3 Bxc3+ 7. bxc3 c6 8. a4 e5 9. dxe5 dxc4 10. exf6 Qxd3 11. Qxd3 cxd3 12. fxg7 Kxg7 13. Ba3 Rd8 14. Nf3 Be6 15. Nd4 Nd7 16. Rb1 c5 17. Nxe6+ fxe6 18. Rxb7 Rab8 19. Rxb8 Rxb8 20. Kd2 Rb3 21. Ra1 c4 22. e4 a5 23. f3 Kf6 24. h4 Nb6 25. Bc1 e5 26. g4 Nd7 27. Ba3 Nb6 28. Bc1 Nd7 29. Ba3 Kg6 30. h5+ Kf6 31. Bc1 Nc5 32. Ba3 Ne6 33. Bc1 Ng5 34. Ke3 Rxc3 35. f4 exf4+ 36. Kd4 Rc2 37. e5+ Kf7 38. Rb1 Ne6+ 39. Kd5 Rxc1 40. Rb7+ Ke8 41. Kxe6 Kd8 42. Rxh7 Kc8 43. Rd7 f3 44. h6 f2 45. h7 Rh1 46. Rf7 d2 47. Rxf2 d1Q 0-1

[Event "RUS GP Top 28 Rapid"]
[Site "Khanty-Mansiysk"]
[Date "2022.12.03"]
[Round "10"]
[White "Tsydypov, Zhamsaran"]
[Black "Grachev, Boris V"]
[Result "1/2-1/2"]
[WhiteElo "2534"]
[BlackElo "2593"]
[PlyCount "61"]
[EventDate "2022.12.01"]
[EventType "tourn (rapid)"]
[EventRounds "13"]
[EventCountry "RUS"]
[EventCategory "11"]
[SourceTitle "CBM 211 Extra"]
[Source "ChessBase"]
[SourceDate "2023.01.31"]
[SourceVersion "1"]
[SourceVersionDate "2023.01.31"]
[SourceQuality "1"]

1. e4 e6 2. d4 d5 3. e5 c5 4. c3 Nc6 5. Nf3 Bd7 6. Be2 Nge7 7. 0-0 Ng6 8. Be3 Be7 9. g3 0-0 10. h4 cxd4 11. cxd4 f6 12. h5 Nh8 13. h6 g6 14. exf6 Bxf6 15. Nc3 Nf7 16. Qb3 g5 17. Kg2 Nxh6 18. Bd3 Ng4 19. Rh1 h6 20. Qd1 Nxe3+ 21. fxe3 Bg7 22. Nh2 e5 23. Ng4 Bxg4 24. Qxg4 Qd6 25. Bf5 Rae8 26. Nb5 Qe7 27. Bd7 exd4 28. Bxe8 Rxe8 29. Nxd4 Qxe3 30. Nxc6 bxc6 31. Raf1 1/2-1/2

[Event "RUS GP Top 28 Rapid"]
[Site "Khanty-Mansiysk"]
[Date "2022.12.01"]
[Round "5"]
[White "Grachev, Boris V"]
[Black "Lugovskoy, Maxim"]
[Result "1-0"]
[WhiteElo "2593"]
[BlackElo "2380"]
[PlyCount "63"]
[EventDate "2022.12.01"]
[EventType "tourn (rapid)"]
[EventRounds "13"]
[EventCountry "RUS"]
[EventCategory "11"]
[SourceTitle "CBM 211 Extra"]
[Source "ChessBase"]
[SourceDate "2023.01.31"]
[SourceVersion "1"]
[SourceVersionDate "2023.01.31"]
[SourceQuality "1"]

1. d4 d5 2. c4 e6 3. Nf3 a6 4. Bg5 Be7 5. Bxe7 Nxe7 6. Nbd2 0-0 7. e3 Nd7 8. Rc1 dxc4 9. Nxc4 b5 10. Nce5 Bb7 11. Nxd7 Qxd7 12. Bd3 Ng6 13. Rc5 Qe7 14. 0-0 Rfd8 15. Qe2 Rd5 16. Rfc1 Rxc5 17. Rxc5 Rd8 18. Qc2 Bxf3 19. Bxg6 hxg6 20. gxf3 Rd5 21. Rxc7 Qg5+ 22. Kf1 Qh5 23. Ke2 Qxh2 24. Qc6 Rd8 25. Rc8 Rxc8 26. Qxc8+ Kh7 27. Qxa6 Qc7 28. Qxb5 Qc2+ 29. Kf1 Qb1+ 30. Kg2 Qxa2 31. b4 f5 32. Qc6 1-0

[Event "RUS GP Top 28 Rapid"]
[Site "Khanty-Mansiysk"]
[Date "2022.12.01"]
[Round "4"]
[White "Khubukshanov, Erdem"]
[Black "Grachev, Boris V"]
[Result "1-0"]
[WhiteElo "2379"]
[BlackElo "2593"]
[PlyCount "171"]
[EventDate "2022.12.01"]
[EventType "tourn (rapid)"]
[EventRounds "13"]
[EventCountry "RUS"]
[EventCategory "11"]
[SourceTitle "CBM 211 Extra"]
[Source "ChessBase"]
[SourceDate "2023.01.31"]
[SourceVersion "1"]
[SourceVersionDate "2023.01.31"]
[SourceQuality "1"]

1. e4 e6 2. d4 d5 3. e5 c5 4. c3 Nc6 5. Nf3 Bd7 6. Be2 f6 7. 0-0 fxe5 8. Nxe5 Nxe5 9. dxe5 Qc7 10. Bf4 Ne7 11. Re1 Ng6 12. Bg3 Be7 13. Nd2 0-0 14. Bd3 c4 15. Bc2 Nh4 16. Bxh7+ Kxh7 17. Bxh4 Be8 18. Bxe7 Qxe7 19. Qg4 Rf5 20. Nf3 Rh5 21. Re3 Bg6 22. Nd4 Re8 23. Rh3 Rxh3 24. Qxh3+ Kg8 25. Qg4 Qf7 26. Re1 Be4 27. Re3 Qg6 28. Qxg6 Bxg6 29. Rg3 Bb1 30. a3 a6 31. Kf1 Kf7 32. Ke2 Rh8 33. h3 Rh5 34. Nf3 Bf5 35. Ke3 Rh8 36. Kd4 b6 37. Ke3 Rh5 38. Rg5 Rh8 39. Nd4 Bb1 40. Rg4 Rh5 41. Nf3 Rh8 42. Rh4 Rc8 43. Rf4+ Ke7 44. h4 Rh8 45. g4 Be4 46. Ng5 Bg6 47. h5 Be8 48. Rf3 Rh6 49. Nh3 a5 50. Nf4 Bf7 51. Rg3 Rh8 52. Ne2 g6 53. hxg6 Bxg6 54. Nf4 Bf7 55. Rh3 Rg8 56. f3 b5 57. Ne2 b4 58. axb4 axb4 59. Nd4 bxc3 60. bxc3 Bg6 61. Rh6 Kf7 62. Kf4 Ke7 63. Ke3 Kf7 64. f4 Kg7 65. Rh1 Be4 66. Ra1 Rh8 67. Nxe6+ Kg6 68. f5+ Bxf5 69. gxf5+ Kxf5 70. Nd4+ Kxe5 71. Nf3+ Kf5 72. Ra5 Re8+ 73. Kd4 Kf4 74. Nd2 Re2 75. Ra2 Re8 76. Kxd5 Ke3 77. Nxc4+ Kd3 78. Nd6 Rh8 79. c4 Rh5+ 80. Kc6 Kd4 81. Rd2+ Kc3 82. Rd5 Rh8 83. c5 Kb4 84. Rd4+ Kc3 85. Rf4 Rh5 86. Kb6 1-0

[Event "RUS GP Top 28 Rapid"]
[Site "Khanty-Mansiysk"]
[Date "2022.12.01"]
[Round "1"]
[White "Riazantsev, Alexander"]
[Black "Grachev, Boris V"]
[Result "1/2-1/2"]
[WhiteElo "2626"]
[BlackElo "2593"]
[PlyCount "27"]
[EventDate "2022.12.01"]
[EventType "tourn (rapid)"]
[EventRounds "13"]
[EventCountry "RUS"]
[EventCategory "11"]
[SourceTitle "CBM 211 Extra"]
[Source "ChessBase"]
[SourceDate "2023.01.31"]
[SourceVersion "1"]
[SourceVersionDate "2023.01.31"]
[SourceQuality "1"]

1. e4 c5 2. Nf3 e6 3. d4 cxd4 4. Nxd4 Nf6 5. Nc3 Nc6 6. Nxc6 bxc6 7. e5 Nd5 8. Ne4 Bb7 9. Be2 c5 10. 0-0 Qc7 11. Nd6+ Bxd6 12. exd6 Qc6 13. f3 c4 14. Qd4 1/2-1/2

[Event "Khanty-Mansiysk Governor Cup Rapid 18th"]
[Site "Khanty-Mansiysk"]
[Date "2022.11.27"]
[Round "8"]
[White "Grachev, Boris V"]
[Black "Grebnev, Aleksey"]
[Result "1-0"]
[WhiteElo "2593"]
[BlackElo "2477"]
[PlyCount "119"]
[EventDate "2022.11.26"]
[EventType "swiss (rapid)"]
[EventRounds "11"]
[EventCountry "RUS"]
[SourceTitle "CBM 211 Extra"]
[Source "ChessBase"]
[SourceDate "2023.01.31"]
[SourceVersion "1"]
[SourceVersionDate "2023.01.31"]
[SourceQuality "1"]

1. d4 Nf6 2. Bf4 d5 3. e3 c5 4. c3 Nc6 5. Nd2 Qb6 6. Qb3 g6 7. Qxb6 axb6 8. Bb5 Bf5 9. Ngf3 Nd7 10. Ne5 Ncxe5 11. Bxe5 f6 12. Bc7 Kf7 13. Bxd7 Bxd7 14. Bxb6 cxd4 15. cxd4 e6 16. 0-0 Bb4 17. Nb3 Ba4 18. Nc5 Bxc5 19. Bxc5 Rhc8 20. Rfc1 Bd7 21. Rc3 Ra4 22. a3 Rc4 23. Rxc4 dxc4 24. a4 Ra8 25. a5 Bc6 26. f3 f5 27. h4 h6 28. Kf2 Kf6 29. Bb4 b6 30. Bc3 Kf7 31. Ra3 bxa5 32. Bxa5 g5 33. h5 g4 34. fxg4 fxg4 35. Kg3 Kf6 36. Bd2 Rxa3 37. bxa3 Kg5 38. e4+ Kxh5 39. Kf4 Kg6 40. Ke5 Kf7 41. Bxh6 Ke7 42. Bd2 Kd7 43. g3 Ke7 44. Bc3 Kd7 45. Bb4 Ba4 46. d5 exd5 47. Kxd5 Bc6+ 48. Ke5 Bb7 49. a4 Ba8 50. a5 Bb7 51. Kf5 Kc6 52. Bc3 Kd7 53. e5 Bf3 54. e6+ Ke8 55. a6 Ke7 56. Bb4+ Ke8 57. a7 Kd8 58. Kf6 Ke8 59. Ke5 Kd8 60. Kd6 1-0

[Event "Khanty-Mansiysk Governor Cup Rapid 18th"]
[Site "Khanty-Mansiysk"]
[Date "2022.11.27"]
[Round "7"]
[White "Zakhartsov, Vladimir"]
[Black "Grachev, Boris V"]
[Result "1/2-1/2"]
[WhiteElo "2523"]
[BlackElo "2593"]
[PlyCount "47"]
[EventDate "2022.11.26"]
[EventType "swiss (rapid)"]
[EventRounds "11"]
[EventCountry "RUS"]
[SourceTitle "CBM 211 Extra"]
[Source "ChessBase"]
[SourceDate "2023.01.31"]
[SourceVersion "1"]
[SourceVersionDate "2023.01.31"]
[SourceQuality "1"]

1. c4 e6 2. d4 d5 3. Nf3 Nf6 4. g3 Bb4+ 5. Bd2 Be7 6. Bg2 Nbd7 7. Qc2 0-0 8. 0-0 c6 9. Rd1 b6 10. Bf4 Bb7 11. Nc3 dxc4 12. Nd2 Nd5 13. Nxc4 Nxf4 14. gxf4 Qc7 15. e3 Rac8 16. Rac1 a6 17. Ne5 Nxe5 18. fxe5 Rfd8 19. f4 g6 20. Qb3 Ba8 21. Na4 Rb8 22. Nc3 Rbc8 23. Na4 Rb8 24. Nc3 1/2-1/2

[Event "MrDodgy Online Inv Gp-B 3rd"]
[Site "Chess.com INT"]
[Date "2022.11.26"]
[Round "2"]
[White "Grachev, Boris V"]
[Black "Iturrizaga Bonelli, Eduardo"]
[Result "0-1"]
[WhiteElo "2593"]
[BlackElo "2636"]
[PlyCount "102"]
[EventDate "2022.11.26"]
[EventType "tourn (blitz)"]
[EventRounds "15"]
[EventCountry "GER"]
[EventCategory "14"]
[SourceTitle "CBM 211 Extra"]
[Source "ChessBase"]
[SourceDate "2023.01.31"]
[SourceVersion "1"]
[SourceVersionDate "2023.01.31"]
[SourceQuality "1"]

1. d4 Nf6 2. Nf3 c5 3. d5 d6 4. c4 b5 5. Nbd2 bxc4 6. e4 g6 7. Bxc4 Bg7 8. 0-0 0-0 9. Re1 Nbd7 10. Qc2 Nb6 11. Rb1 a5 12. a4 Nxc4 13. Nxc4 e6 14. dxe6 Bxe6 15. Ng5 d5 16. Nxe6 fxe6 17. exd5 exd5 18. Ne5 Ne4 19. Nf3 Ra7 20. Be3 Raf7 21. Rbd1 Qa8 22. Bc1 h6 23. Re2 Kh7 24. h3 Qc6 25. Qd3 Rf5 26. Rf1 Qxa4 27. Nd2 c4 28. Qe3 Nxd2 29. Bxd2 d4 30. Qg3 Qb5 31. Re7 R8f7 32. Rfe1 Qxb2 33. R1e6 g5 34. Qc7 Qxd2 35. Rxf7 Qxf2+ 36. Kh2 Rxf7 37. Qxc4 Qf4+ 38. Kg1 Rc7 39. Qd3+ Kg8 40. Re8+ Kf7 41. Re1 Rc1 42. Qb3+ Kg6 43. Qd3+ Kh5 44. Qe2+ Kh4 45. Rxc1 Qxc1+ 46. Kh2 Qf4+ 47. Kh1 Qc1+ 48. Kh2 Be5+ 49. g3+ Bxg3+ 50. Kg2 Qc6+ 51. Qf3 Qxf3+ 0-1

[Event "Khanty-Mansiysk Governor Cup Rapid 18th"]
[Site "Khanty-Mansiysk"]
[Date "2022.11.26"]
[Round "2"]
[White "Grachev, Boris V"]
[Black "Levchenko, Evgeny"]
[Result "1-0"]
[WhiteElo "2593"]
[BlackElo "1952"]
[PlyCount "65"]
[EventDate "2022.11.26"]
[EventType "swiss (rapid)"]
[EventRounds "11"]
[EventCountry "RUS"]
[SourceTitle "CBM 211 Extra"]
[Source "ChessBase"]
[SourceDate "2023.01.31"]
[SourceVersion "1"]
[SourceVersionDate "2023.01.31"]
[SourceQuality "1"]

1. Nf3 c5 2. c4 Nc6 3. Nc3 e6 4. e3 Nf6 5. d4 cxd4 6. exd4 d5 7. c5 Be7 8. Bb5 0-0 9. 0-0 Ne4 10. Re1 f5 11. Bxc6 bxc6 12. Ne5 Qc7 13. f3 Nf6 14. Qa4 Bd7 15. Bg5 Be8 16. Re2 h6 17. Bd2 Rc8 18. Nd3 g5 19. Rxe6 Rf7 20. Rae1 g4 21. Bf4 Qb7 22. fxg4 Nxg4 23. Qc2 Qd7 24. Bd6 Bf6 25. Qa4 Bg7 26. Nf4 Qd8 27. Rxe8+ Qxe8 28. Rxe8+ Rxe8 29. Nce2 Re4 30. h3 Bxd4+ 31. Qxd4 Rxd4 32. Nxd4 Ne3 33. Nxc6 1-0

[Event "MrDodgy Online Inv Gp-B 3rd"]
[Site "Chess.com INT"]
[Date "2022.11.26"]
[Round "7"]
[White "Grachev, Boris V"]
[Black "Muradli, Mahammad"]
[Result "0-1"]
[WhiteElo "2593"]
[BlackElo "2540"]
[PlyCount "136"]
[EventDate "2022.11.26"]
[EventType "tourn (blitz)"]
[EventRounds "15"]
[EventCountry "GER"]
[EventCategory "14"]
[SourceTitle "CBM 211 Extra"]
[Source "ChessBase"]
[SourceDate "2023.01.31"]
[SourceVersion "1"]
[SourceVersionDate "2023.01.31"]
[SourceQuality "1"]

1. d4 Nf6 2. Nf3 g6 3. Bf4 Bg7 4. e3 0-0 5. Be2 d6 6. h3 c5 7. c3 Nc6 8. dxc5 dxc5 9. Nbd2 b6 10. 0-0 Bb7 11. Qc2 Qc8 12. Rfd1 Rd8 13. a4 Na5 14. Ne5 Nd5 15. Bg3 Nc6 16. Ndc4 Nxe5 17. Nxe5 Qe6 18. Nf3 h6 19. Rd2 Nf6 20. Rxd8+ Rxd8 21. Rd1 Rxd1+ 22. Qxd1 Bd5 23. Bb8 a5 24. Bc7 Kh7 25. Bb5 Bb3 26. Qd8 Nd5 27. Bg3 Ba2 28. Kh2 Qe4 29. Bc6 Bf6 30. Qf8 Qe6 31. Be8 Nxc3 32. bxc3 Bg7 33. Bxf7 Qxf7 34. Qxf7 Bxf7 35. Bc7 Bxc3 36. Bxb6 Bb4 37. Ne5 Be8 38. Nc4 Bxa4 39. Bxa5 Bb5 40. Bxb4 cxb4 41. Nb2 Kg7 42. f4 Kf6 43. Kg3 Ke6 44. e4 Kd6 45. Kf3 Kc5 46. Ke3 Bf1 47. g3 Bxh3 48. Kd3 Bf1+ 49. Ke3 Bb5 50. g4 h5 51. f5 h4 52. fxg6 Be8 53. g7 Bf7 54. Nd3+ Kb5 55. g5 h3 56. Kf3 b3 57. Kg3 Be6 58. Nf4 Bg8 59. Nd3 Kc4 60. Nb2+ Kc3 61. Na4+ Kc2 62. Kxh3 b2 63. Nxb2 Kxb2 64. Kg4 Kc3 65. Kf5 Kd4 66. Kg6 Kxe4 67. Kh6 Ke5 68. g6 Kf6 0-1